Country Scramble (featuring Other Countries) - Statistics

General Stats
  • This quiz has been taken 15 times
  • The average score is 9 of 17
Answer Stats
Country Bonus Letters New Country % Correct
MALTA + AEGU Guatemala
80%
SUDAN + HOR Honduras
80%
IRAN + AEM Armenia
70%
GHANA + BDELS Bangladesh
70%
MONACO + ER Cameroon
70%
UKRAINE + MNSTT Turkmenistan
70%
NIGER + AANT Argentina
60%
SPAIN + AKT Pakistan
60%
HAITI + ALNU Lithuania
50%
CROATIA + RS Costa Rica
40%
CAMEROON + ADHINT North Macedonia
40%
TUNISIA + LCA Saint Lucia
40%
ISRAEL + EENOR Sierra Leone
40%
INDIA + CMO Dominica
30%
ROMANIA + NS San Marino
30%
CROATIA + FHSU South Africa
30%
MAURITANIA + BDEEERST United Arab Emirates
20%
No matching quizzes found
Score Distribution
Percent of People with Each Score
Percentile by Number Answered
Your Score History
You have not taken this quiz